<?xml version="1.0" encoding="UTF-8"?>
<record
    xmlns:xsi="http://www.w3.org/2001/XMLSchema-instance"
    xsi:schemaLocation="http://www.loc.gov/MARC21/slim http://www.loc.gov/standards/marcxml/schema/MARC21slim.xsd"
    xmlns="http://www.loc.gov/MARC21/slim">

  <leader>01090nam a22002057a 4500</leader>
  <controlfield tag="005">20240724233242.0</controlfield>
  <controlfield tag="008">      s2551    th                  tha d</controlfield>
  <datafield tag="041" ind1=" " ind2=" ">
    <subfield code="a">tha</subfield>
  </datafield>
  <datafield tag="050" ind1=" " ind2=" ">
    <subfield code="a">JQ1749.A78 &#xE2D;398&#xE01; 2551</subfield>
  </datafield>
  <datafield tag="100" ind1="0" ind2=" ">
    <subfield code="a">&#xE2D;&#xE23;&#xE34;&#xE2A;&#xE23;&#xE32; &#xE01;&#xE33;&#xE18;&#xE23;&#xE40;&#xE08;&#xE23;&#xE34;&#xE0D;</subfield>
  </datafield>
  <datafield tag="245" ind1="1" ind2="0">
    <subfield code="a">&#xE01;&#xE32;&#xE23;&#xE40;&#xE02;&#xE49;&#xE32;&#xE2A;&#xE39;&#xE48;&#xE15;&#xE33;&#xE41;&#xE2B;&#xE19;&#xE48;&#xE07;&#xE2A;&#xE21;&#xE32;&#xE0A;&#xE34;&#xE01;&#xE2A;&#xE20;&#xE32;&#xE1C;&#xE39;&#xE49;&#xE41;&#xE17;&#xE19;&#xE23;&#xE32;&#xE29;&#xE0E;&#xE23;&#xE02;&#xE2D;&#xE07;&#xE1C;&#xE39;&#xE49;&#xE21;&#xE35;&#xE0A;&#xE37;&#xE48;&#xE2D;&#xE40;&#xE2A;&#xE35;&#xE22;&#xE07;&#xE17;&#xE35;&#xE48;&#xE21;&#xE35;&#xE1C;&#xE25;&#xE07;&#xE32;&#xE19;&#xE17;&#xE32;&#xE07;&#xE42;&#xE17;&#xE23;&#xE17;&#xE31;&#xE28;&#xE19;&#xE4C;</subfield>
  </datafield>
  <datafield tag="260" ind1="3" ind2=" ">
    <subfield code="a">&#xE01;&#xE23;&#xE38;&#xE07;&#xE40;&#xE17;&#xE1E;&#xE2F; : </subfield>
    <subfield code="b">&#xE21;&#xE2B;&#xE32;&#xE27;&#xE34;&#xE17;&#xE22;&#xE32;&#xE25;&#xE31;&#xE22;&#xE18;&#xE23;&#xE23;&#xE21;&#xE28;&#xE32;&#xE2A;&#xE15;&#xE23;&#xE4C;, </subfield>
    <subfield code="c">2551</subfield>
  </datafield>
  <datafield tag="300" ind1=" " ind2=" ">
    <subfield code="a">432 &#xE2B;&#xE19;&#xE49;&#xE32; :</subfield>
    <subfield code="b"> &#xE20;&#xE32;&#xE1E;&#xE1B;&#xE23;&#xE30;&#xE01;&#xE2D;&#xE1A; ;</subfield>
    <subfield code="c"> 30 &#xE0B;&#xE21;.</subfield>
  </datafield>
  <datafield tag="650" ind1="0" ind2="4">
    <subfield code="a">&#xE2A;&#xE21;&#xE32;&#xE0A;&#xE34;&#xE01;&#xE2A;&#xE20;&#xE32;&#xE1C;&#xE39;&#xE49;&#xE41;&#xE17;&#xE19;&#xE23;&#xE32;&#xE29;&#xE0E;&#xE23; -- &#xE01;&#xE32;&#xE23;&#xE40;&#xE02;&#xE49;&#xE32;&#xE2A;&#xE39;&#xE48;&#xE15;&#xE33;&#xE41;&#xE2B;&#xE19;&#xE48;&#xE07; -- &#xE27;&#xE34;&#xE08;&#xE31;&#xE22;</subfield>
  </datafield>
  <datafield tag="850" ind1=" " ind2=" ">
    <subfield code="a">NALT</subfield>
  </datafield>
  <datafield tag="942" ind1=" " ind2=" ">
    <subfield code="c">RSH</subfield>
  </datafield>
  <datafield tag="997" ind1=" " ind2=" ">
    <subfield code="a">37233</subfield>
  </datafield>
  <datafield tag="997" ind1=" " ind2=" ">
    <subfield code="c">000000000061776</subfield>
  </datafield>
  <datafield tag="998" ind1=" " ind2=" ">
    <subfield code="a">&#xE19;&#xE32;&#xE07;&#xE2A;&#xE32;&#xE27;&#xE0A;&#xE31;&#xE0A;&#xE0E;&#xE32;  &#xE08;&#xE39;&#xE11;&#xE30;&#xE23;&#xE31;&#xE01;&#xE29;&#xE4C;</subfield>
  </datafield>
  <datafield tag="999" ind1=" " ind2=" ">
    <subfield code="c">61776</subfield>
    <subfield code="d">61776</subfield>
  </datafield>
  <datafield tag="952" ind1=" " ind2=" ">
    <subfield code="0">0</subfield>
    <subfield code="1">0</subfield>
    <subfield code="4">0</subfield>
    <subfield code="7">0</subfield>
    <subfield code="8">CRSH</subfield>
    <subfield code="a">NALT</subfield>
    <subfield code="b">NALT</subfield>
    <subfield code="e">&#xE08;&#xE31;&#xE14;&#xE0B;&#xE37;&#xE49;&#xE2D;&#xE17;&#xE23;&#xE31;&#xE1E;&#xE22;&#xE32;&#xE01;&#xE23;</subfield>
    <subfield code="g">141.50</subfield>
    <subfield code="l">0</subfield>
    <subfield code="o">&#xE27; JQ1749.A78 &#xE2D;398&#xE01; 2551</subfield>
    <subfield code="p">3961182713</subfield>
    <subfield code="r">2017-06-09 00:00:00</subfield>
    <subfield code="v">191.50</subfield>
    <subfield code="w">2017-06-09</subfield>
    <subfield code="y">RSH</subfield>
  </datafield>
</record>
